Themes & variations /

Đã lưu trong:
Chi tiết về thư mục
Tác giả chính: Cage, John
Định dạng: Không biết
Ngôn ngữ:English
Được phát hành: Barrytown, New York : Station Hill, 1982.
Các nhãn: Thêm thẻ
Không có thẻ, Là người đầu tiên thẻ bản ghi này!

MARC

LEADER 000000000a22000000004500
001 014208
020 |a 0930794230 
041 0 |a eng 
082 0 4 |a 811.54   |b C131t 
100 1 |a Cage, John 
245 1 4 |a Themes & variations /   |c John Cage. 
260 1 |a Barrytown, New York :   |b Station Hill,   |c 1982. 
300 |a [108] páginas :   |b ilustraciones, retratos ;   |c 28 cm. 
500 |a Colección George Yúdice 
999 |c 20103  |d 20103 
942 |c BK  |h 811.54 C131t  |2 z